Physiology of stressed crops. V. III. The stress of allelochemicals (Record no. 42599)

MARC details
000 -LEADER
fixed length control field 00405nam a2200133Ia 4500
082 ## - DEWEY DECIMAL CLASSIFICATION NUMBER
Classification number 581.1:577
Item number GUP.3
100 ## - MAIN ENTRY--AUTHOR NAME
Personal name Gupta, U S
245 #0 - TITLE STATEMENT
Title Physiology of stressed crops. V. III. The stress of allelochemicals
260 ## - PUBLICATION, DISTRIBUTION, ETC. (IMPRINT)
Place of publication New Delhi
Name of publisher Oxford & IBH Publising
Year of publication 2006
650 ## - SUBJECT ADDED ENTRY--TOPICAL TERM
Topical Term Tree crop interference
650 ## - SUBJECT ADDED ENTRY--TOPICAL TERM
Topical Term Weed crop interference
942 ## - ADDED ENTRY ELEMENTS (KOHA)
Koha item type Books
Holdings
Withdrawn status Lost status Damaged status Not for loan Home library Current library Date acquired Cost, normal purchase price Full call number Accession Number Koha item type
        RRII Library RRII Library 16/12/2021 795.00 581.1:577 GUP.3 22869 Books